Vzdelávanie zamestnancov vo výrobnom podniku a jeho hodnotenie

Na minha lista:
Detalhes bibliográficos
Autor principal: Brestovanská, Miloslava, 1973- (Author)
Outros Autores: Vragaš, Stanislav, 1965- (Thesis advisor)
Formato: Manuscrito Livro
Idioma:eslovaco
Publicado em: STU v Bratislave MTF UIPH, 2010
Acesso em linha:VAIS
Tags: Adicionar Tag
Sem tags, seja o primeiro a adicionar uma tag!

MARC

LEADER 00000ntm a22000003a 4500
001 stu208189
005 20160719160253.2
008 100722s2010------------------------slo-d
040 |a STU  |b slo 
041 0 |a slo 
100 1 |a Brestovanská, Miloslava,  |d 1973-  |4 aut  |X 57513  |7 A000057513 
242 0 0 |a STAFF TRAINING IN THE PRODUCTION COMPANY AND ITS EVALUATION  |y eng 
245 1 |a Vzdelávanie zamestnancov vo výrobnom podniku a jeho hodnotenie 
260 |b STU v Bratislave MTF UIPH,  |c 2010 
700 1 |a Vragaš, Stanislav,  |d 1965-  |4 ths  |u M1000  |U MTF Materiálovotechnologická fakulta  |T MTF Ústav materiálov  |X 2802  |U M1000  |Y 81  |7 A000002802 
856 4 |a info a plný text  |u http://is.stuba.sk/zp/portal_zp.pl?podrobnosti=58767  |3 VAIS 
996 |c M*DP-9532  |l MMSKP  |s P  |a 0  |w stu208189_0001